Central Library OPAC University of Rajshahi

Music and society : (Record no. 57668)

MARC details
000 -LEADER
fixed length control field 00633nam a2200229 a 4500
001 - CONTROL NUMBER
control field 57668
003 - CONTROL NUMBER IDENTIFIER
rucl marc code BD-RjUL
005 - DATE AND TIME OF LATEST TRANSACTION
control field 20211209080536.0
008 - FIXED-LENGTH DATA ELEMENTS--GENERAL INFORMATION
fixed length control field 161211s2006 enka b 000 0 eng d
035 ## - SYSTEM CONTROL NUMBER
System control number (BD-RjUL)57792
System control number 745885
040 ## - CATALOGING SOURCE
Original cataloging agency VCAV
Language of cataloging eng
Transcribing agency VCAV
Modifying agency XNTU
041 ## - LANGUAGE CODE
Language code of text/sound track or separate title eng
082 04 - DEWEY DECIMAL CLASSIFICATION NUMBER
Classification number 780
Edition number 19
Author mark and year MEM 2006
100 1# - MAIN ENTRY--PERSONAL NAME
Personal name Patnaik, Praveen
Dates associated with a name 1914-2008.
9 (RLIN) 171252
245 10 - TITLE STATEMENT
Title Music and society :
Remainder of title Multicultural Issues /
Statement of responsibility, etc. Praveen Patnaik
260 ## - PUBLICATION, DISTRIBUTION, ETC. (IMPRINT)
Place of publication, distribution, etc. London :
Name of publisher, distributor, etc. Commonwealth,
Date of publication, distribution, etc. 2006
300 ## - PHYSICAL DESCRIPTION
Pagination 305 p. :
Illustrations ill. ;
Size 23 cm.
504 ## - BIBLIOGRAPHY, ETC. NOTE
Bibliography, etc Bibliography: p.149.
650 #0 - SUBJECT ADDED ENTRY--TOPICAL TERM
Topical term or geographic name as entry element Music
9 (RLIN) 171253
942 ## - ADDED ENTRY ELEMENTS (KOHA)
Source of classification or shelving scheme Dewey Decimal Classification
Koha item type Books
Holdings
Lost status Source of classification or shelving scheme Damaged status Not for loan Collection code Permanent Location Current Location Shelving location Date acquired Source of acquisition Cost, normal purchase price Total Checkouts Full call number Date last seen Copy number Koha item type
  Dewey Decimal Classification   Not For Loan Non-fiction Central Library, University of Rajshahi Central Library, University of Rajshahi Reading Room 24/03/2009 Paragon Enterprises Dhaka 750.00   780 MEM 2006 11/12/2016 C-1 Books